Statistics for Country to Country ABC Chain #3

Click here to take the quiz!

General Stats

  • This quiz has been taken 52 times
    (28 since last reset)
  • The average score is 12 of 23

Answer Stats

AFGHANISTAN% Correct
BAHRAIN
86%
CYPRUS
62%
FRANCE
62%
GERMANY
62%
OMAN
62%
HUNGARY
57%
JORDAN
57%
QATAR
57%
PAKISTAN
52%
RUSSIA
52%
UK
52%
VATICAN
52%
YEMEN
52%
DEMOCRATIC REPUBLIC OF CONGO
48%
EQUATORIAL GUINEA
48%
ITALY
48%
KUWAIT
48%
LEBANON
48%
NORTH MACEDONIA
48%
ZAMBIA
43%
SWEDEN
38%
MONTENEGRO
33%
TUNISIA
33%

Score Distribution

Percentile by Number Answered

Percent of People with Each Score

Your Score History

You have not taken this quiz since the last reset